| 000 | 00367nam a22001337a 4500 | ||
|---|---|---|---|
| 020 | _a9781639893959 | ||
| 082 |
_a647.95068 _bCAG |
||
| 100 | _aCage, William | ||
| 245 |
_aOperations Management Hospitality Industry / _cWilliam Cage |
||
| 260 |
_aU.S.A : _bMurphy & Moore Publishing, _c2022. |
||
| 300 |
_a246 p. ; _c28 cm. |
||
| 563 | _aHBK. | ||
| 942 |
_2ddc _cBK |
||
| 999 |
_c590501 _d590501 |
||